LEADER 02824nam 2200373 450 001 9910724361103321 005 20230702151401.0 024 7 $a10.4000/books.psorbonne.10160 035 $a(CKB)5470000002601392 035 $a(NjHacI)995470000002601392 035 $a(EXLCZ)995470000002601392 100 $a20230702d2010 uy 0 101 0 $afre 135 $aur||||||||||| 181 $ctxt$2rdacontent 182 $cc$2rdamedia 183 $acr$2rdacarrier 200 13$aLa cite? des re?seaux $eAthe?nes et ses associations, VIe-Ier sie?cle av. J.-C /$fPaulin Ismard 210 1$aParis :$cE?ditions de la Sorbonne,$d2010. 215 $a1 online resource (528 pages) 225 0 $aHistoire ancienne et me?die?vale ;$v105 320 $aIncludes bibliographical references. 330 $aLa de?mocratie athe?nienne ne fut pas seulement affaire d'institutions politiques. Sa pe?rennite?, depuis la fin de la pe?riode archai?que jusqu'au ier sie?cle avant notre e?re, tient en grande partie a? l'existence d'une vie communautaire particulie?rement dense qui, entre la sphe?re de la famille et celle de la cite?, participait a? la construction du lien social. Qu'il s'agisse de subdivisions civiques (de?mes, phratries), de communaute?s sacerdotales (gene?) ou d'associations cultuelles (thiases, orge?ons, synodes, eranoi), c'est au sein de ces diffe?rents groupes que chaque citoyen prenait part a? la vie de?mocratique. Structure?es autour de pratiques cultuelles spe?cifiques, posse?dant des terres et des biens, de?signant en leur sein des magistrats ou votant des lois et des de?crets, toutes ces associations ne constituaient pas pour autant des entite?s ferme?es sur elles-me?mes. Leur e?tude croise?e fournit a? ce titre un point d'observation a? partir duquel le fonctionnement de la socie?te? civique athe?nienne peut e?tre appre?hende? dans son ensemble. A? cette aune, la cite? apparai?t comme un faisceau d'entite?s composites, un ensemble de re?seaux de multiples dimensions, loin de l'image ste?re?otype?e de la cite? une et indivisible promue par l'ide?ologie civique. Peut-e?tre est-ce pre?cise?ment la? que re?side la grande originalite? de l'Athe?nes classique : ces communaute?s au fonctionnement emboi?te? forment la trame d'un espace public pluridimensionnel. Largement inspire?e de la de?marche de la micro-histoire, cette e?tude propose ultimement une hypothe?se sur la nature me?me du politique athe?nien. 517 $aCité des réseaux 606 $aMicrohistory 615 0$aMicrohistory. 676 $a900 700 $aIsmard$b Paulin$01246655 801 0$bNjHacI 801 1$bNjHacl 906 $aBOOK 912 $a9910724361103321 996 $aLa cité des réseaux$93021482 997 $aUNINA LEADER 01787nam 2200565 450 001 9910818751803321 005 20170924193045.0 010 $a1-4704-2505-X 035 $a(CKB)3710000000851219 035 $a(SSID)ssj0001515830 035 $a(PQKBManifestationID)12584614 035 $a(PQKBTitleCode)TC0001515830 035 $a(PQKBWorkID)11482576 035 $a(PQKB)10028783 035 $a(MiAaPQ)EBC4832026 035 $a(RPAM)18587587 035 $a(PPN)188391487 035 $a(EXLCZ)993710000000851219 100 $a20170411h20152015 uy 0 101 0 $aeng 135 $aurcnu|||||||| 181 $ctxt 182 $cc 183 $acr 200 10$aMultiple-Hilbert transforms associated with polynomials /$fJoonil Kim 210 1$aProvidence, Rhode Island :$cAmerican Mathematical Society,$d2015. 210 4$d©2015 215 $a1 online resource (125 pages) 225 1 $aMemoirs of the American Mathematical Society,$x1947-6221 ;$vVolume 237, Number 1119 300 $aBibliographic Level Mode of Issuance: Monograph 311 $a1-4704-1435-X 320 $aIncludes bibliographical references. 410 0$aMemoirs of the American Mathematical Society ;$vVolume 237, Number 1119. 606 $aTransformations (Mathematics) 606 $aHilbert transform 606 $aPolynomials 606 $aPolyhedra 615 0$aTransformations (Mathematics) 615 0$aHilbert transform. 615 0$aPolynomials. 615 0$aPolyhedra. 676 $a515/.723 700 $aKim$b Joonil$f1970-$01722368 801 0$bMiAaPQ 801 1$bMiAaPQ 801 2$bMiAaPQ 906 $aBOOK 912 $a9910818751803321 996 $aMultiple-Hilbert transforms associated with polynomials$94122664 997 $aUNINA